|
|
|
|
| LEADER |
02135nam a2200481 i 4500 |
| 001 |
nkc20152678865 |
| 003 |
CZ PrNK |
| 005 |
20160502101622.0 |
| 007 |
ta |
| 008 |
160127s2015 xr a f 100 0 cze |
| 015 |
|
|
|a cnb002678865
|
| 020 |
|
|
|a 978-80-905733-2-1
|q (kroužková vazba) :
|c neprodejné
|
| 035 |
|
|
|a (OCoLC)944217076
|
| 040 |
|
|
|a ABA001
|b cze
|e rda
|
| 041 |
0 |
|
|a cze
|a eng
|a slo
|
| 072 |
|
7 |
|a 625
|x Pozemní komunikace. Železniční stavitelství
|2 Konspekt
|9 19
|
| 080 |
|
|
|a 625.1
|2 MRF
|
| 080 |
|
|
|a 69-1
|2 MRF
|
| 080 |
|
|
|a (062.534)
|2 MRF
|
| 111 |
2 |
|
|a Stroje pro práce na železničním spodku a svršku (seminář)
|d (2015 :
|c Děčín, Česko)
|7 xx0200941
|4 aut
|
| 245 |
1 |
0 |
|a Stroje pro práce na železničním spodku a svršku :
|b sborník přednášek vydaný u příležitosti semináře konaného ve dnech 4.a 5.3.2015 v Děčíně
|
| 264 |
|
1 |
|a Děčín :
|b VOŠ a SPŠ Děčín,
|c 2015
|
| 300 |
|
|
|a 72 stran :
|b ilustrace ;
|c 30 cm
|
| 336 |
|
|
|a text
|b txt
|2 rdacontent
|
| 337 |
|
|
|a bez média
|b n
|2 rdamedia
|
| 338 |
|
|
|a svazek
|b nc
|2 rdacarrier
|
| 500 |
|
|
|a Nad názvem: Vyšší odborná škola a Střední průmyslová škola strojní, stavební a dopravní, Děčín, příspěvková organizace
|
| 500 |
|
|
|a 250 výtisků
|
| 504 |
|
|
|a Obsahuje bibliografie a bibliografické odkazy
|
| 546 |
|
|
|a Částečně anglický a slovenský text
|
| 650 |
0 |
7 |
|a železniční stavby
|7 ph117859
|2 czenas
|
| 650 |
0 |
7 |
|a stavební stroje
|7 ph126084
|2 czenas
|
| 650 |
0 |
9 |
|a railroad constructions
|2 eczenas
|
| 650 |
0 |
9 |
|a building machines
|2 eczenas
|
| 655 |
|
7 |
|a sborníky konferencí
|7 fd133333
|2 czenas
|
| 655 |
|
9 |
|a proceedings of conferences
|2 eczenas
|
| 710 |
2 |
|
|a Vyšší odborná škola a Střední průmyslová škola strojní, stavební, a dopravní (Děčín, Česko)
|7 kn20130328009
|4 orm
|4 isb
|
| 910 |
2 |
|
|a BOA001
|b 4-1361.526
|
| 928 |
9 |
|
|a Vyšší odborná škola a Střední průmyslová škola strojní, stavební a dopravní
|
| 990 |
|
|
|a BK
|
| 995 |
|
|
|a 01
|
| 991 |
|
|
|b 201602
|c NOV
|
| 996 |
6 |
|
|b 2610658640
|c 4-1361.526
|l MZK
|r Sklad / do 1 hodiny
|n 0
|p p.v.
|w 001542699
|u 000010
|a 1
|e BOA001
|j MZK50
|s P
|